| 000 | 00637pam a2200217 a 4500 | ||
|---|---|---|---|
| 001 | 1895456 | ||
| 005 | 20180207080824.0 | ||
| 008 | 840223s1985 dcua b 001 0 eng | ||
| 010 | _a 84004529 | ||
| 020 |
_a0891163026 : _c$49.50 (est.) |
||
| 040 |
_aDLC _cDLC _dDLC |
||
| 041 | _aeng | ||
| 080 | _a574.5263 RAN | ||
| 082 | 0 | 0 |
_a574.5263 RAN _219 |
| 100 | _a9 | ||
| 101 | _aMJE | ||
| 245 | 0 | 0 |
_aFundamentals of aquatic toxicology : _cedited by Gary M. Rand, Sam R. Petrocelli. |
| 504 | _aIncludes bibliographies and index. | ||
| 906 |
_a7 _bcbc _corignew _d1 _eocip _f19 _gy-gencatlg |
||
| 942 |
_2ddc _cBK |
||
| 999 |
_c42028 _d42028 |
||